00749nam a2200241 a 4500001001300000003000900013005001700022008004100039020002300080082001600103100001600119245004100135260005000176300000900226500003500235505003400270650002600304700001600330902000800346942000700354952012900361999001700490nice12345678IN_TiNIC20260116014211.0050524s2004 newa grp 000 0 eng  a8176480 c79500a954.01bPRU aPruthi, R K aPrehistory and Harappan Civilisation aNew DelhibA.P.H.Publishing Corporationc2004 a301p aincludes index and biblioraphy2 aAppendix, Bibliography, Index aCulture-Ancient-India1 aPruthi, R K bSRS cBK 001040708StackRoom-aHMIbHMId2007-04-03g795.00l3o954.01 PRUp020864r2022-07-06s2022-06-27v795.00w2005-05-24yBK c14297d14297